000 00488nam a2200157 i 4500
001 65842
003 ES-MaACL
005 20230906165501.0
007 t|
008 040122s1971 sp ||||1| spa d
100 1 _aFuentes Ruiz, José.
_952944
245 1 0 _aIsabel de Castilla
_b: mater invicta /
_cJosé Fuentes Ruiz.
260 _aValladolid :
_bInstituto "Isabel la Católica" de Historia Eclesiástica,
_c1971.
300 _a29 p. ;
_c24 cm.
852 _aES-MaACL
_j2075-F-37
_bR.77190
999 _c65842
_d65842